LEADER 01018nam a2200289 i 4500 001 991003103169707536 005 20020503183459.0 008 960411s1995 it ||| | ita 035 $ab10458463-39ule_inst 035 $aEXGIL115153$9ExL 040 $aBiblioteca Interfacoltà$bita 082 04$a791.43 100 1 $aTrasatti, Sergio$0158609 245 10$aIngmar Bergman /$cSergio Trasatti 260 $a[Roma ; Milano] :$bL'unità/Il castoro,$cstampa 1995 300 $a181 p. ;$c17 cm. 440 2$aI libri dell'Unità 440 3$aIl castoro cinema. 2. ser. ;$v5 500 $aEd. f.c. - Supplemento a: L'Unità ; n.40, 9-10-95. 650 4$aBergman, Ingmar 907 $a.b10458463$b02-04-14$c27-06-02 912 $a991003103169707536 945 $aLE002 791.43 BER TRA 945 $aLE002 Coll. 16,2. 5$g1$i2002000511591$lle002$o-$pE0.00$q-$rn$so $t0$u1$v0$w1$x0$y.i10530940$z27-06-02 996 $aIngmar Bergman$9221792 997 $aUNISALENTO 998 $ale002$b01-01-96$cm$da $e-$fita$git $h0$i1